000 00838nam a22002177a 4500
005 20210325205159.0
008 s2553 th ||||| |||| 00| 0 tha d
050 _aHD9576 ธ365 2553
245 1 0 _aธรรมาภิบาล
260 3 _aกรุงเทพฯ :
_bการปิโตรเลียมแห่งประเทศไทย,
_c2553
300 _a89 หน้า :
_b ภาพประกอบ ;
_c 19 ซม.
650 0 4 _aปิโตรเลียม
650 0 4 _aพลังงาน -- ไทย
650 0 4 _aแอลพีจี
650 0 4 _aธรรมาภิบาล
850 _aNALT
942 _cGB
997 _aบ23573
997 _c000000000062858
998 _aนางสุกัญญา กัลยา
999 _c62858
_d62858